Účinnost Souboru opatření ve vodním hospodářství /

Uloženo v:
Podrobná bibliografie
Hlavní autor: Starý, Zdeněk
Médium: Kniha
Jazyk:čeština
Vydáno: Brno : Dům techniky ČSVTS, 1983
Témata:
On-line přístup: Získat plný text
Tagy: Přidat tag
Žádné tagy, Buďte první, kdo vytvoří štítek k tomuto záznamu!

MARC

LEADER 00000nam a2200000 4500
003 SK-BrCVT
005 20220617200634.0
008 990605s1983 cs e ||||||cze d
035 |a CVTIDW0949332 
040 |b slo  |a CVTI SR 
041 0 |a cze 
044 |a cs 
080 |a 626/627:65.01  |2 UDC-MRF 
100 1 |a Starý, Zdeněk 
245 1 0 |a Účinnost Souboru opatření ve vodním hospodářství /  |c Autoři: Zdeněk Starý a kol. 
260 |a Brno :  |b Dům techniky ČSVTS,  |c 1983 
300 |a 163 s. 
653 1 |a vodné hospodárstvo 
910 |b A437413 
974 |f Knihy 
992 |a AZN 
999 |c 107353  |d 107353